Principles of pragmatics. (Record no. 8005)
[ view plain ]
| 000 -LEADER | |
|---|---|
| fixed length control field | 00526cam3a220019300 4500 |
| 001 - CONTROL NUMBER | |
| control field | tmp15943840 |
| 003 - CONTROL NUMBER IDENTIFIER | |
| control field | UPRA |
| 005 - DATE AND TIME OF LATEST TRANSACTION | |
| control field | 20190812095447.0 |
| 008 - FIXED-LENGTH DATA ELEMENTS--GENERAL INFORMATION | |
| fixed length control field | 951114s1983 xx eng u |
| 035 ## - SYSTEM CONTROL NUMBER | |
| System control number | (Sirsi) r50754 |
| 035 ## - SYSTEM CONTROL NUMBER | |
| System control number | (UPRA)tmp15943840 |
| 040 ## - CATALOGING SOURCE | |
| Transcribing agency | UPRA |
| 100 1# - MAIN ENTRY--PERSONAL NAME | |
| Personal name | Leech, Geoffrey N. |
| Linkage | A5358.1 |
| 245 10 - TITLE STATEMENT | |
| Title | Principles of pragmatics. |
| 260 ## - PUBLICATION, DISTRIBUTION, ETC. | |
| Date of publication, distribution, etc. | 1983. |
| 949 ## - LOCAL PROCESSING INFORMATION (OCLC) | |
| a | P99.4 |
| w | lcc |
| i | -64236 |
| m | MAIN |
| t | BOOK |
| l | ON-SHELF |
| 949 ## - LOCAL PROCESSING INFORMATION (OCLC) | |
| a | P99.4 |
| w | lcc |
| c | 2 |
| i | 33729000121264 |
| m | MAIN |
| p | 2500 |
| t | SHORTLOAN |
| l | SHORTLOAN |
| Withdrawn status | Lost status | Source of classification or shelving scheme | Damaged status | Not for loan | Home library | Current library | Shelving location | Total Checkouts | Full call number | Barcode | Date last seen | Copy number | Price effective from | Koha item type |
|---|---|---|---|---|---|---|---|---|---|---|---|---|---|---|
| Library of Congress Classification | Main Library | Main Library | Academic reserves/Short loan | P99.4 | 33729000121264 | 08/12/2019 | 2 | 08/12/2019 | Short Loan material |